| 000 | 00699nam a2200229 a 4500 | ||
|---|---|---|---|
| 999 |
_c7092 _d7092 |
||
| 001 | 1461 | ||
| 003 | BD-DhUAP | ||
| 005 | 20210113150830.0 | ||
| 008 | 210113r19781978ii anyua b 001 0 eng d | ||
| 020 | _a0070993874 | ||
| 040 |
_aDLC _cDLC _dBD-DhUAP _beng |
||
| 082 | 0 | 0 |
_a629.89 KOH _223 |
| 100 | 1 |
_aKohavi, Zvi. _932607 |
|
| 245 | 1 | 0 |
_aSwitching and finite automata theory / _cZvi Kohavi. |
| 250 | _a2d ed. | ||
| 260 |
_aNew Delhi : _bTata McGraw-Hill, _cc1978 [Reprinted 1996]. |
||
| 300 |
_axiii, 658 pages : _billustrations ; _c24 cm. |
||
| 504 | _aIncludes bibliographies and index. | ||
| 650 | 0 |
_aSequential machine theory. _932608 |
|
| 650 | 0 |
_aSwitching theory. _932609 |
|
| 942 |
_2ddc _cBK |
||